000 01328nam a2200277 i 4500
001 162513
003 ES-MaACL
005 20251011063145.0
008 931025s1793 sp |||| | lat d
100 1 _aLorenzana, Francisco Antonio de,
_d1722-1804
_9151831
245 1 0 _aPP. Toletanorum quotquot extant Opera
_b: tomus tertius : Roderici Ximenii de Rada, Toletanae Ecclesiae Praesulis, opera praecipua complectens /
_copera, auctoritate et expensis... Francisci cardinalis de Lorenzana Archiepiscopi Toletani...
260 _aMatriti :
_bapud viduam Ioachimi Ibarra ...,
_c1793.
300 _a[4], XXVI, [2], 509 p. ;
_cFol.
530 _aDisponible en formato digital.
594 _aTit. en antep. "Collectio Patrum ecclesiae Toletanae"
596 _aMarca tip. en port. (Vindel, 605)
597 _aSign.: [ ]4, b-d4, A-Z4, 2A-2Z4, 3A-3R4, 3S3.
597 _aTexto a dos col.
597 _a"Appendix prima" y "appendix secunda" en p. 284-494.
650 _aPatrística.
_915895
651 4 _aToledo (Provincia)-
_xHistoria eclesiástica.
_9142698
700 1 _aJiménez de Rada, Rodrigo.
_966511
852 _aES-MaACL
_jR-98-100
_z- Enc. pasta española
_x Olim:B-293-5
856 _uhttp://bdh-rd.bne.es/viewer.vm?id=0000005074&page=1
_zBiblioteca Digital Hispánica
999 _c162513
_d162513